| Tag |
First Indicator |
Second Indicator |
Subfields |
| LEADER |
00000cam a2200000 a 4500 |
| 001 |
in00000029221 |
| 005 |
20151007060137.0 |
| 008 |
880108s1987 nyua b 00110 eng d |
| 020 |
|
|
|a 0941533123 :
|c $29.95
|
| 035 |
|
|
|a (OCoLC)17319252
|
| 035 |
|
|
|9 AAC0142AM
|
| 040 |
|
|
|a PBU
|c PBU
|d TXA
|d UtOrBLW
|
| 049 |
|
|
|a TXAM
|c [A11688591]
|
| 050 |
|
4 |
|a JC325
|b .D85 1987
|
| 100 |
1 |
|
|a Dunleavy, Patrick.
|
| 245 |
1 |
0 |
|a Theories of the state :
|b the politics of liberal democracy /
|c Patrick Dunleavy and Brendan OĹeary.
|
| 264 |
|
1 |
|a New York :
|b Meredith Press,
|c 1987.
|
| 300 |
|
|
|a xiii, 382 pages :
|b illustrations ;
|c 22 cm.
|
| 336 |
|
|
|a text
|b txt
|2 rdacontent
|
| 337 |
|
|
|a unmediated
|b n
|2 rdamedia
|
| 338 |
|
|
|a volume
|b nc
|2 rdacarrier
|
| 504 |
|
|
|a Bibliography: pages 350-369.
|
| 500 |
|
|
|a Includes index.
|
| 520 |
|
|
|a Discusses Pluralist, New Right, Elitist, Marxist and Neo-pluralist theories. Provides summary of intellectual origins, methodology and key strengths and weaknesses with examples from United States, Western Europe, etc.
|
| 650 |
|
0 |
|a State, The.
|
| 650 |
|
0 |
|a Political science.
|
| 700 |
1 |
|
|a O'Leary, Brendan.
|
| 999 |
|
|
|a MARS
|
| 999 |
f |
f |
|s d8b3ce2e-0a0b-3425-9c38-26a2eab6d96c
|i 0730552f-0998-31f1-b1c4-e5760b2018f0
|t 0
|
| 952 |
f |
f |
|p ric
|a Texas A&M University
|b Rellis Campus
|c Joint Library Facility
|d Remote Storage
|t 0
|e JC325 .D85 1987
|h Library of Congress classification
|i unmediated -- volume
|m A14811688591
|
| 998 |
f |
f |
|a JC325 .D85 1987
|t 0
|l Remote Storage
|